Elementary vector analysis, (Record no. 543826)
[ view plain ]
| 000 -LEADER | |
|---|---|
| fixed length control field | 00531cam a2200169u 4500 |
| 082 ## - DEWEY DECIMAL CLASSIFICATION NUMBER | |
| Classification number | 512.63 |
| Author Mark | WEA |
| -- | D |
| 100 1# - MAIN ENTRY--PERSONAL NAME | |
| Personal name | Weatherburn, C. E. |
| 9 (RLIN) | 39307 |
| 245 00 - TITLE STATEMENT | |
| Title | Elementary vector analysis, |
| Remainder of title | With application to geometry and mechanics |
| 250 ## - EDITION STATEMENT | |
| Edition statement | Revised |
| 260 ## - PUBLICATION, DISTRIBUTION, ETC. | |
| Place of publication, distribution, etc. | London, |
| Name of publisher, distributor, etc. | G. Bell and sons, ltd., |
| Date of publication, distribution, etc. | 1956. |
| 300 ## - PHYSICAL DESCRIPTION | |
| Extent | xxvii, 184 p. |
| Other physical details | diagrs. |
| Dimensions | 22 cm. |
| 526 ## - STUDY PROGRAM INFORMATION NOTE | |
| Program name | 0 |
| Interest level | 0 |
| Reading level | 0 |
| Title point value | 515_630000000000000_WEA |
| 526 ## - STUDY PROGRAM INFORMATION NOTE | |
| Program name | 0 |
| Interest level | 0 |
| Reading level | 0 |
| Title point value | 516_630000000000000_WEA |
| 650 #0 - SUBJECT ADDED ENTRY--TOPICAL TERM | |
| Topical term or geographic name entry element | MCE |
| 9 (RLIN) | 379 |
| 650 #0 - SUBJECT ADDED ENTRY--TOPICAL TERM | |
| Topical term or geographic name entry element | Vector analysis. |
| 9 (RLIN) | 1184 |
| 942 ## - ADDED ENTRY ELEMENTS (KOHA) | |
| Source of classification or shelving scheme | |
| Koha item type | Book |
| Withdrawn status | Lost status | Source of classification or shelving scheme | Damaged status | Not for loan | Permanent Location | Current Location | Date acquired | Total Checkouts | Full call number | Barcode | Date last seen | Date last checked out | Copy number | Price effective from | Koha item type |
|---|---|---|---|---|---|---|---|---|---|---|---|---|---|---|---|
| Military College of Engineering (MCE) | Military College of Engineering (MCE) | 04/03/2014 | 1 | 515.63 WEA | MCE-252 | 02/18/2015 | 02/18/2015 | 1 | 04/03/2014 | Book | |||||
| Military College of Engineering (MCE) | Military College of Engineering (MCE) | 04/03/2014 | 516.63 WEA | MCE-250 | 04/03/2014 | 03/14/2021 | Book |
